Going stateside - WEEE directive sends shock waves across the pond (Record no. 117358)

MARC details
000 -LEADER
fixed length control field 00926cam a2200229 4500
001 - CONTROL NUMBER
control field ABS67881
008 - FIXED-LENGTH DATA ELEMENTS--GENERAL INFORMATION
fixed length control field 040517n2004 000 0 eng u
035 ## - SYSTEM CONTROL NUMBER
System control number (Sirsi) u126212
100 ## - MAIN ENTRY--PERSONAL NAME
Personal name Margetson, G.
245 ## - TITLE STATEMENT
Title Going stateside - WEEE directive sends shock waves across the pond
260 ## - PUBLICATION, DISTRIBUTION, ETC.
Date of publication, distribution, etc. 2004
490 ## - SERIES STATEMENT
Series statement Wastes Management
Volume/sequential designation April 2004, 18-19(2)
520 ## - SUMMARY, ETC.
Summary, etc. Briefly examines the differences between UK and US reactions to the disposal of electronic goods as the UK implementation of the EU directive on Waste Electrical and Electronic Equipment (WEEE) (Directive 02/96/EC) comes into force. Also considers what can be learnt from both sides of the Atlantic.
590 ## - LOCAL NOTE (RLIN)
Local note ABS
590 ## - LOCAL NOTE (RLIN)
Local note ABS
650 ## - SUBJECT ADDED ENTRY--TOPICAL TERM
Topical term or geographic name entry element DIRECTIVE 02/96/EC
650 ## - SUBJECT ADDED ENTRY--TOPICAL TERM
Topical term or geographic name entry element WASTE ELECTRICAL AND ELECTRONIC EQUIPMENT REGULATIONS
650 ## - SUBJECT ADDED ENTRY--TOPICAL TERM
Topical term or geographic name entry element UNITED STATES
650 ## - SUBJECT ADDED ENTRY--TOPICAL TERM
Topical term or geographic name entry element UNITED KINGDOM
690 ## - LOCAL SUBJECT ADDED ENTRY--TOPICAL TERM (OCLC, RLIN)
Topical term or geographic name as entry element WASTE MANAGEMENT
942 ## - ADDED ENTRY ELEMENTS (KOHA)
Suppress in OPAC 0
Holdings
Withdrawn status Lost status Source of classification or shelving scheme Damaged status Not for loan Home library Current library Shelving location Date acquired Total Checkouts Full call number Barcode Date last seen Copy number Price effective from Koha item type
    Dewey Decimal Classification     London London Journal article 20/05/2004   ABS67881 126212-1001 06/08/2019 1 06/08/2019 Journal article